[Event "New Delhi Matrix op 3rd"]
[Site "New Delhi"]
[Date "2024.04.09"]
[Round "8"]
[White "Shreyash, Singh"]
[Black "Pushpendra"]
[Result "1-0"]
[WhiteElo "1853"]
[BlackElo "1771"]
[PlyCount "81"]
[EventDate "2024.04.06"]
[EventType "swiss"]
[EventRounds "9"]
[EventCountry "IND"]
[SourceTitle "CB16_2024"]
[SourceDate "2024.04.17"]
[SourceVersion "1"]
[SourceVersionDate "2024.04.17"]
[SourceQuality "1"]

1. e4 g6 2. d4 Bg7 3. Nc3 d6 4. Be3 Nf6 5. f3 Nc6 6. Qd2 h5 7. h4 e5 8. d5 Ne7 9. Nh3 Bxh3 10. Rxh3 c5 11. Bb5+ Kf8 12. Be2 a6 13. a4 b6 14. Rh1 Qd7 15. Kf2 Kg8 16. Rhb1 Qc7 17. Bc4 Kh7 18. Qe2 a5 19. Rg1 Kg8 20. Raf1 Ne8 21. Ke1 f5 22. f4 exf4 23. Bxf4 Bxc3+ 24. bxc3 Kh7 25. Kd2 Nf6 26. exf5 Nxf5 27. Qe6 Rhf8 28. Bb5 Ng7 29. Qe2 Nxd5 30. Bg5 Nf5 31. g4 hxg4 32. Qxg4 Qg7 33. Rf3 Nf6 34. Bxf6 Rxf6 35. h5 Qh6+ 36. Kd1 gxh5 37. Qe4 d5 38. Qe5 Qf8 39. Rxf5 Rxf5 40. Bd3 Kh6 41. Bxf5 1-0